000 nam a22 7a 4500
999 _c129529
_d129529
008 190430b xxu||||| |||| 00| 0 eng d
020 _a0-03-056661-4
050 _aBV215.F37 1979
100 _aFaricy, Robert
_98600
245 _aPraying
_c/ by Robert Faricy
260 _aMinnesota:
_bWinston Press,
_c[1979].
300 _a121p. ;
_c22cm.
650 _aPrayer
_946147
942 _2lcc
_cMONOGRAPH